| 000 | 01087cam a22002054a 4500 | ||
|---|---|---|---|
| 005 | 20250605164139.0 | ||
| 008 | 250528s ||||||||||||||||||||||||d | ||
| 035 | _a18887 | ||
| 020 | _a205198856 | ||
| 040 |
_aGR-AtMCL _bgre _dGR-AtMCL _eAACR2 |
||
| 245 | 1 | _aThe Development of Language / Fourth Edition | |
| 250 | _a4th | ||
| 260 |
_bAldine Publishing Company, _c1997 |
||
| 300 | _a506 | ||
| 520 | _aPreface, The Development of Language: An Overview and a Preview, Communication Development in Infancy, Phonological Development: Learning Sounds and Sound Patterns, Semantic Development: Learning the Meanings of Words, Putting Words Together: Morphology and Syntax in the Preschool Years, Language in Social Contexts, Theoretical Approaches to Language Acquisition, Individual Differences: Implications for the Study of Language Acquisition, Atypical Language Development, Language and Literacy in the School Years, Development and Loss: Changes in the Adult Years, Glossary, Index. | ||
| 700 | 1 |
_aGleason Jean Berko _95164 |
|
| 942 | _cBK | ||
| 999 |
_c4192 _d4192 |
||